MARC

LEADER 00000nab a2200000 a 4500
001 vtls000104054
003 SK-MaSNL
005 20260303022434.0
008 111104c1981 xo 0 slo
015 |a SNBRB19rr/mm-uuuuu 
035 |a CL0114157 
040 |a SNKBUCL  |b slo  |c SNKBUCL  |e AACR2 
041 0 |a slo 
044 |a xo  |c SK 
080 |a 885.4-3  |2 1981 
100 1 |a Ondrejov, Ľudo,  |d 1901-1962  |4 aut  |9 56066 
245 1 0 |a Zbojnícka mladosť  |c Ľudo Ondrejov 
650 0 7 |a romány lyrické  |2 snkbucl  |9 937002 
650 0 7 |a romány chlapčenské  |2 snkbucl  |9 933016 
655 7 |a články z novín a časopisov  |2 snkbucl  |9 267496 
655 7 |a články z odboru literárna veda a krásna literatúra  |2 snkbucl  |9 770045 
773 0 |t Slovenka  |g Roč. 33, č. 41 (1981), s. 22-23 
850 |a Slovenská národná knižnica v Martine  |a MTA001 
852 |a SNK  |b KIS3GCP 
958 |a RK 
958 |a LX 
992 |a RBX 
999 |c 1628880  |d 1630810